000 00357nam a2200145 a 4500
008 961209s1956||||xx 0 und c
040 _aSNK
_bslo
_cSNK
_eAACR2
100 1 _aKregárová, Mária
245 1 0 _aUčebnica maďarčiny pre samoukov
260 _aMartin
_bOsveta
_c1956
300 _a342 s.
020 _c20,20
044 _axo
_cSK
041 _aslo
999 _c19171
_d19171